Регионална библиотека "Любен Каравелов" - Русе

Приключенията на Саламури | Вълшебната рокля (Запис номер 148267)

MARC детайли
000 -Лидер
Контролно поле с фиксирана дължина 01657nam a2200373 c 4500
003 - Код на организацията, давaща контролен номер
Контролно поле BLK
005 - Дата и час на последна редакция
Контролно поле 20230127144744.0
008 - Елементи от данни с фиксирана дължина
fixed length control field 180410b bul|||||r ||||||| ||bul||
010 ## - Наследен системен номер
LC control number KNG00154489000
040 ## - Източник на каталожния запис
Идентификатор на билиотеката - собственик на записа BLK
041 ## - Код за език
Код за езика на текст/звукозапис или на отделно заглавие Български
Код за езика КДБФ Български
080 ## - УДК
Текстов определител УДК Грузинска литература
УДК код - определител по УДК 821.353.1
УДК определител -93-32
УДК - код + определител 821.353.1-93-32
100 1# - Редна дума - Автор
Автор Салакаури, Арчил
Авторска отговорност първи автор
R(LIN) 118550
139 ## - Редно поле
Редна дума Салакаури, Арчил
Авторски знак Сал - С 15
245 10 - Сведения за заглавието
Заглавие Приключенията на Саламури
Редно поле (дума) Арчил Салакаури; прев. от рус. Майя Драгнева; прев. от рус. Силвия Борисова; худож. Елиана Търновска.
245 10 - Сведения за заглавието
Заглавие Вълшебната рокля
Подзаглавни данни Приказни повести
257 ## - Страна на издаване
Страна на създаване/издаване Грузия
260 ## - Област на издателските данни
Място на издаване, разпространение и проч. София
Име на издателя, разпространителя и проч. Отечество
Година на издаване 1980
300 ## - Физическа характеристика
Страници 368 с.
Илюстрации и др. с ил.
Размери/Мащаб 24 см
380 ## - Жанр
Жанр Детска худож. лит.
490 ## - СЕРИИ (Колекции)
Име на серия Библиотека Вълшебници
9 (RLIN) 202267
500 ## - Общи забележки
Забележка Ориг. загл. Волны стремятся к берегу ; Лука. - 15 115 тир.
653 ## - Ключова дума – ненормативна
Ключова дума приказни повести
653 ## - Ключова дума – ненормативна
Ключова дума литература за деца
653 ## - Ключова дума – ненормативна
Ключова дума детска литература
700 1# - Други автори (авторска отговорност)
Лично име Драгнева, Майя
Автороска отговорност (Описва отношението между автора и произведението) прев. от рус.
9 (RLIN) 379885
700 1# - Други автори (авторска отговорност)
Лично име Борисова, Силвия
Автороска отговорност (Описва отношението между автора и произведението) прев. от рус.
9 (RLIN) 364866
700 1# - Други автори (авторска отговорност)
Лично име Търновска, Елиана
Автороска отговорност (Описва отношението между автора и произведението) худож.
9 (RLIN) 379230
852 ## - Местоположение
Форматна сигнатура Цб 265797
856 4# - Електронен адрес и достъп
Електронен формат pdf - файл
Инструкция (цена за достъп) 0.00
Права за достъп disable
856 4# - Електронен адрес и достъп
Електронен формат pdf - файл
Инструкция (цена за достъп) 0.00
Права за достъп disable
999 ## - СИСТЕМНИ КОНТРОЛНИ НОМЕРА
Koha biblionumber 148267
Koha biblioitemnumber 148267
942 ## - АРТИКУЛИ
Вид на библиотечния материал Книги
Скрит в OPAC Не
Koha issues (borrowed), all copies 1
Периодичен библиозапис Да
944 ## - СЪЗДАВАНЕ И РЕДАКЦИЯ на ЗАПИСА
Създаване/Редакция Създаване
Дата на регистрацията/редакция 06.12.2013
Статус, дата на статуса ф / 06.12.2013
Служител, извършил регистрацията/редакцията Даниел_Канатов
944 ## - СЪЗДАВАНЕ И РЕДАКЦИЯ на ЗАПИСА
Създаване/Редакция Редакция
Дата на регистрацията/редакция 04.11.2016
Статус, дата на статуса ф / 06.12.2013
Служител, извършил регистрацията/редакцията Людмила_Стоянова
999 ## - СИСТЕМНИ КОНТРОЛНИ НОМЕРА
Koha biblioitemnumber 148267
Наличности
Код за отписване Код за изгубен артикул Източник на класификационната схема Код за повреда Коз за рестрикции Код за отдаване Артикулен № Име на библиотеката - собственик Име на библиотеката, в която се намира в момента Статус (Текущо местоположение) Дата на вписване в системата Местоположение - отдел Цена в лева Инвентарен номер Систематично азбучна сигнатура Баркод Номер на екземпляра Цена в евро Служебна бележка Служебен тип на артикула
  Не е изгубен Universal Decimal Classification Не е повреден без рестрикции ползва се в читалня 246550 Регионална библиотека "Любен Каравелов" Русе Регионална библиотека "Любен Каравелов" Русе Хранилище 1980-01-01 Хранилище 1.87 316071 Цб 265797 120000316071 1 0.96 Дост: Dp Вид: Д N: стар фонд Дата: 01.01.1980 Книги
  Не е изгубен Universal Decimal Classification Не е повреден без рестрикции заемане за дома 246551 Регионална библиотека "Любен Каравелов" Русе Регионална библиотека "Любен Каравелов" Русе Детски отдел 1980-01-01 Детски отдел 1.87 316422 ДХ 820/899/С 15 120000316422 2 0.96 Дост: Pk Вид: Ф N: стар фонд Дата: 01.01.1980 Дата инв: 25.09.2015 Бележки инв: Д2015 Книги
  Не е изгубен Universal Decimal Classification Не е повреден без рестрикции заемане за дома 246552 Регионална библиотека "Любен Каравелов" Русе Регионална библиотека "Любен Каравелов" Русе Детски отдел 1980-01-01 Детски отдел 1.87 316435 ДХ 820/899/С 15 120000316435 3 0.96 Дост: Pk Вид: Ф N: стар фонд Дата: 01.01.1980 Дата инв: 25.09.2015 Бележки инв: Д2015 Книги
Изтеглен Не е изгубен Universal Decimal Classification Не е повреден без рестрикции заемане за дома 246553 Регионална библиотека "Любен Каравелов" Русе Регионална библиотека "Любен Каравелов" Русе Детски отдел 1980-01-01 Детски отдел 2.00 654959 ДХ 820/899/С 15 654959 4 1.02 Дост: Pk Вид: Ф N: стар фонд Дата: 01.01.1980 Дата инв: 25.09.2015 Бележки инв: Д2015 Книги
Изтеглен Не е изгубен Universal Decimal Classification Не е повреден без рестрикции заемане за дома 246554 Регионална библиотека "Любен Каравелов" Русе Регионална библиотека "Любен Каравелов" Русе Детски отдел 2016-08-30 Детски отдел 15.00 120000803579 ДХ 820/899/С 15 120000803579 5 7.67 Дост: DA Вид: А N: 33 Дата: 30.08.2016 Книги
Vip Innovations Ltd, Rousse, Bulgaria 2025